00452nam a22001457a 4500041001200000082001500012100002100027245006000048260003900108300000800147650001400155942000700169952011300176999001700289 aEnglish a270.82 ABR aAbraham K.C.(ed) aEcumenism In Asia: Essays in Honour of Feliciano Carino aBangalorebATESEA and BTESSCc1999 a128 aEcumenism cBK 00104070aHMIbHMIcGENd2018-05-08eDirectorg200.00l0o270.82 ABRp11003237r2026-01-16w2026-01-16yBK c20999d20999